00449nam a22001457a 4500020001500000082001600015100002400031245002800055260003800083300000800121650002600129942000700155952012400162999001700286 a8125030727 a306.449 RAM aRamanathan, Vaidehi aThe English- Vernacular aNew DelhibOrient Blackswanc2007 a143 aLanguage and Politics cBK 00104070aHMIbHMId2017-02-02eOrient Blackswan hyderabadg495.00l0o306.449 RAMp25115r2017-02-02w2017-02-02yBK c20206d20206